Capital Structure Convergence in Slovakia

Nedostatočná kapitalizácia v slovenskej ekonomike a jej pozícia v krajinách strednej a východnej Európy. Štruktúra kapitálového kapitálu je považovaná za mimoriadne dôležitú v procese skutočnej konvergencie k iným rozvinutým krajinám.

Uložené v:
Podrobná bibliografia
Hlavný autor: Morvay, Karol, 1973-
Ďalší autori: Hudcovský, Martin, 1988-
Médium: Kapitola
Jazyk:English
Predmet:
Tagy: Pridať tag
Žiadne tagy, Buďte prvý, kto otaguje tento záznam!

MARC

LEADER 00000naa$a2200000$$$4500
001 0250927
005 20240502083717.4
041 0 |a eng 
044 |a CZ 
245 1 0 |a Capital Structure Convergence in Slovakia  |c Karol Morvay, Martin Hudcovský 
520 |a Nedostatočná kapitalizácia v slovenskej ekonomike a jej pozícia v krajinách strednej a východnej Európy. Štruktúra kapitálového kapitálu je považovaná za mimoriadne dôležitú v procese skutočnej konvergencie k iným rozvinutým krajinám. 
610 2 0 |a štruktúra kapitálová 
610 2 0 |a konvergencia 
610 2 0 |a kapitál 
610 2 0 |a kapitál fixný 
610 2 0 |a Európsky ekonomický priestor 
610 2 0 |a stredná Európa 
610 2 0 |a východná Európa 
100 1 |a Morvay, Karol, 1973- 
700 1 |a Hudcovský, Martin, 1988-